[Event "IX Festival Piemonte Scacchi"]
[Site "Torino ITA"]
[Date "2009.09.18"]
[Round "1"]
[White "Femia, Nicola"]
[Black "Dvirnyy, Danyyil"]
[Result "0-1"]
[WhiteElo "1840"]
[BlackElo "2447"]
[PlyCount "86"]
[EventDate "2009.09.18"]

1. d4 Nf6 2. Nf3 g6 3. g3 Bg7 4. Bg2 O-O 5. O-O c5 6. c3 d5 7. Bg5 Ne4 8. Bf4
Nc6 9. Ng5 Nxg5 10. Bxg5 cxd4 11. cxd4 Nxd4 12. Nc3 Ne6 13. Bd2 d4 14. Nd5 Bd7
15. Bb4 Re8 16. Rc1 Bc6 17. Qb3 Qd7 18. Rfd1 Ba4 19. Qa3 Bxd1 20. Rxd1 Bf6 21.
e4 Nc7 22. Qf3 Nxd5 23. exd5 Kg7 24. h4 h5 25. Bc5 Qa4 26. Ba3 Rac8 27. Rd3
Rc1+ 28. Kh2 b5 29. Qf4 Rc2 30. Rb3 a5 31. Be4 Rcc8 32. d6 b4 33. dxe7 Rxe7 34.
Rf3 Be5 35. Qg5 Qe8 36. Bd5 Rc5 37. Bb3 bxa3 38. bxa3 Rc3 39. Bd1 Rxf3 40. Bxf3
Bf6 41. Qxa5 d3 42. Qd2 Re2 43. Qxd3 Rxf2+ 0-1

[Event "IX Festival Piemonte Scacchi"]
[Site "Torino ITA"]
[Date "2009.09.18"]
[Round "1"]
[White "Grattarola, Fabio"]
[Black "Berutti, Mario"]
[Result "1/2-1/2"]
[WhiteElo "2081"]
[BlackElo "1718"]
[PlyCount "83"]
[EventDate "2009.09.18"]

1. d4 d5 2. Nf3 f5 3. g3 Nf6 4. Bg2 e6 5. Ne5 Bd6 6. Nd2 O-O 7. Ndf3 Bd7 8. O-O
Be8 9. c4 c6 10. c5 Bc7 11. Bf4 Ne4 12. h4 Bh5 13. Qb3 b6 14. cxb6 axb6 15.
Rac1 c5 16. a3 Bxe5 17. Bxe5 Bxf3 18. Bxf3 Nd2 19. Qc3 Nxf1 20. dxc5 bxc5 21.
Kxf1 Nd7 22. Bd6 Rf7 23. Bxc5 Rc8 24. b4 Nxc5 25. bxc5 Rfc7 26. Qa5 Qe7 27. c6
Qd6 28. Qa6 Rxc6 29. Qxc8+ Rxc8 30. Rxc8+ Kf7 31. a4 Qa6 32. Rc7+ Kf6 33. Kg2
Qxa4 34. e3 Qb5 35. Bh5 g6 36. Bf3 h5 37. Rc2 e5 38. Rd2 e4 39. Be2 Qc5 40. Rd4
Ke5 41. Ba6 Qb6 42. Be2 1/2-1/2

[Event "IX Festival Piemonte Scacchi"]
[Site "Torino ITA"]
[Date "2009.09.18"]
[Round "1"]
[White "Gussone, Claudio"]
[Black "Ranieri, Fabrizio"]
[Result "0-1"]
[WhiteElo "1809"]
[BlackElo "2264"]
[PlyCount "38"]
[EventDate "2009.09.18"]

1. Nf3 d5 2. g3 Nf6 3. Bg2 c5 4. d4 Nc6 5. O-O cxd4 6. Nxd4 e5 7. Nb3 Be7 8. e3
O-O 9. Nc3 Bg4 10. Qd2 Be6 11. Nb5 Qb6 12. Qe2 Rac8 13. a4 a6 14. Na3 Rfd8 15.
Nd2 Bf5 16. e4 Bg4 17. Bf3 Nd4 18. Qe3 Nxf3+ 19. Nxf3 Bc5 0-1

[Event "IX Festival Piemonte Scacchi"]
[Site "Torino ITA"]
[Date "2009.09.18"]
[Round "1"]
[White "Martin, Tiziano"]
[Black "Riccardi, Mauro"]
[Result "1-0"]
[WhiteElo "1967"]
[BlackElo "1620"]
[PlyCount "63"]
[EventDate "2009.09.18"]

1. d4 Nf6 2. Nf3 g6 3. Bf4 Bg7 4. e3 O-O 5. Be2 d5 6. O-O Nbd7 7. h3 c5 8. Nbd2
cxd4 9. exd4 Qb6 10. Rb1 Ne4 11. c3 Ndf6 12. Nxe4 Nxe4 13. Bd3 Be6 14. Re1 Rac8
15. Be5 f6 16. Bh2 Bd7 17. c4 e5 18. cxd5 f5 19. Bxe4 fxe4 20. Nxe5 Bf5 21. g4
e3 22. gxf5 exf2+ 23. Kxf2 Rxf5+ 24. Kg1 Rg5+ 25. Kh1 Qd6 26. Qf3 Rf8 27. Qe4
Qb4 28. d6 Rf2 29. Qd5+ Kh8 30. Nf7+ Rxf7 31. Qxf7 h6 32. Re8+ 1-0

[Event "IX Festival Piemonte Scacchi"]
[Site "Torino ITA"]
[Date "2009.09.18"]
[Round "1"]
[White "Medaglia, Enzo"]
[Black "Finocchiaro, Gianluca"]
[Result "1-0"]
[WhiteElo "1733"]
[BlackElo "2088"]
[PlyCount "117"]
[EventDate "2009.09.18"]

1. e4 d5 2. exd5 Qxd5 3. d4 Nc6 4. Be3 e5 5. Nc3 Bb4 6. a3 Bxc3+ 7. bxc3 Nf6 8.
Qd3 exd4 9. cxd4 Bf5 10. Qb3 Qxb3 11. cxb3 O-O 12. Nf3 Rfe8 13. Bb5 Be4 14.
O-O-O a6 15. Be2 Rad8 16. Rhe1 Nd5 17. Kb2 h6 18. Bd3 Bxd3 19. Rxd3 Re4 20. Nd2
Re7 21. Rd1 Rde8 22. Nf1 f5 23. g3 Re4 24. h4 f4 25. Bc1 Re2+ 26. R1d2 Re1 27.
Nh2 fxg3 28. fxg3 R1e2 29. Nf3 R8e3 30. Kc2 Rxd2+ 31. Kxd2 Re4 32. Bb2 Nce7 33.
Ne5 Nf5 34. Rf3 Nxd4 35. Kd3 Nxf3 36. Kxe4 Nxe5 37. Kxd5 Nd3 38. Bd4 Kf7 39.
Kc4 Nc1 40. Be5 c6 41. Bc7 Ke6 42. b4 Kd7 43. Be5 g5 44. h5 Ke6 45. Bg7 Ne2 46.
g4 Kf7 47. Bxh6 Kf6 48. Kc5 Nc3 49. Kb6 Nb5 50. a4 Nd6 51. Kc7 Nf7 52. Bf8 b5
53. a5 Ne5 54. Bd6 Nxg4 55. Kb6 Ke6 56. Bc5 Kd5 57. Kxa6 Nf6 58. h6 Nh7 59. Kb7
1-0

[Event "IX Festival Piemonte Scacchi"]
[Site "Torino ITA"]
[Date "2009.09.18"]
[Round "1"]
[White "Moncelli, Giorgio"]
[Black "Ravazzolo, Gildo"]
[Result "1-0"]
[WhiteElo "2071"]
[BlackElo "1692"]
[PlyCount "89"]
[EventDate "2009.09.18"]

1. Nf3 d6 2. d4 g6 3. e4 Bg7 4. c3 e6 5. Bd3 Ne7 6. O-O O-O 7. Re1 Nd7 8. Nbd2
c5 9. Nc4 cxd4 10. cxd4 d5 11. Nd6 dxe4 12. Bxe4 Qb6 13. Nc4 Qb5 14. b3 Nd5 15.
Bxd5 Qxd5 16. Ba3 Rd8 17. Rc1 b6 18. Be7 Re8 19. Bb4 Rd8 20. Be7 Re8 21. Bh4
Bb7 22. Ne3 Qb5 23. Rc7 Bd5 24. a4 Qb4 25. Nxd5 exd5 26. Rxe8+ Rxe8 27. Rxd7
Bxd4 28. Rxd5 Bc5 29. Rd8 Rxd8 30. Qxd8+ Kg7 31. Bf6+ Kh6 32. Qd2+ Qxd2 33.
Nxd2 g5 34. Ne4 Bb4 35. Bxg5+ Kg6 36. Bf4 Kf5 37. Bd6 Kxe4 38. Bxb4 Kd4 39. a5
b5 40. Kf1 Kd3 41. Bc5 a6 42. b4 f5 43. f3 h5 44. h4 Kd2 45. Kf2 1-0

[Event "IX Festival Piemonte Scacchi"]
[Site "Torino ITA"]
[Date "2009.09.18"]
[Round "1"]
[White "Nigrelli, Vittorio"]
[Black "Rombaldoni, Brian"]
[Result "0-1"]
[WhiteElo "1473"]
[BlackElo "1869"]
[PlyCount "52"]
[EventDate "2009.09.18"]

1. d4 c6 2. e4 d5 3. Nc3 dxe4 4. Nxe4 Nd7 5. Nf3 Ngf6 6. Nxf6+ Nxf6 7. Bd3 Bg4
8. c3 Qd5 9. Be3 e6 10. h3 Bxf3 11. Qxf3 Qxf3 12. gxf3 O-O-O 13. O-O-O Be7 14.
Bg5 Rd5 15. Bxf6 Bxf6 16. Rdg1 g6 17. h4 Rh5 18. f4 Rxh4 19. Rxh4 Bxh4 20. Rg2
h5 21. Kd2 Bf6 22. Ke2 Rd8 23. Be4 Kc7 24. Kf1 Be7 25. Rh2 c5 26. dxc5 Rd2 0-1

[Event "IX Festival Piemonte Scacchi"]
[Site "Torino ITA"]
[Date "2009.09.18"]
[Round "1"]
[White "Porzio, Franco"]
[Black "Quirico, Paolo"]
[Result "0-1"]
[WhiteElo "1749"]
[BlackElo "2095"]
[PlyCount "60"]
[EventDate "2009.09.18"]

1. e4 e6 2. d4 d5 3. exd5 exd5 4. Nf3 Nc6 5. Nc3 Bg4 6. Be2 Nf6 7. Bg5 Be7 8.
O-O h6 9. Bxf6 Bxf6 10. Re1 O-O 11. Ne5 Be6 12. f4 Nxe5 13. fxe5 Bh4 14. Rf1
Qd7 15. Bf3 f6 16. g3 Bg5 17. Qe2 fxe5 18. dxe5 c6 19. Rad1 Bh3 20. Rfe1 Qf5
21. Rd3 Rae8 22. g4 Qf4 23. Nxd5 cxd5 24. Bxd5+ Kh8 25. Rxh3 Qd4+ 26. Kh1 Qxd5+
27. Kg1 Qd4+ 28. Kh1 Rf2 29. Qb5 Ref8 30. e6 Qxg4 0-1

[Event "IX Festival Piemonte Scacchi"]
[Site "Torino ITA"]
[Date "2009.09.18"]
[Round "1"]
[White "Ravazzolo, Gaia"]
[Black "Egli, Urs"]
[Result "1/2-1/2"]
[WhiteElo "1675"]
[BlackElo "2045"]
[PlyCount "55"]
[EventDate "2009.09.18"]

1. d4 d6 2. Nf3 Nf6 3. c4 Nbd7 4. Bf4 c6 5. Nc3 g6 6. e4 Bg7 7. Be2 O-O 8. O-O
Qe8 9. Rc1 e5 10. dxe5 dxe5 11. Be3 Qe7 12. Qc2 Ng4 13. Bg5 f6 14. Bd2 f5 15.
Bg5 Qe8 16. Rcd1 h6 17. Bc1 Nc5 18. b3 Nxe4 19. Bb2 Ngf6 20. Nxe4 Nxe4 21. c5
Qe7 22. Bc4+ Kh7 23. b4 Ng5 24. Nxg5+ hxg5 25. Qd3 e4 26. Qh3+ Bh6 27. Qc3 Bg7
28. Qh3+ 1/2-1/2

[Event "IX Festival Piemonte Scacchi"]
[Site "Torino ITA"]
[Date "2009.09.18"]
[Round "1"]
[White "Sotgia, Cosimo"]
[Black "Canale, Claudio"]
[Result "1-0"]
[WhiteElo "1872"]
[BlackElo "1476"]
[PlyCount "33"]
[EventDate "2009.09.18"]

1. e4 e5 2. Bc4 Bc5 3. Nf3 Nc6 4. O-O d6 5. c3 h6 6. d4 exd4 7. cxd4 Bb6 8. Nc3
a6 9. Qb3 Qe7 10. Nd5 Qd8 11. Nxb6 cxb6 12. Bxf7+ Kf8 13. e5 Qc7 14. Bh5 dxe5
15. Nxe5 Nxe5 16. dxe5 Bf5 17. Qf3 1-0

[Event "IX Festival Piemonte Scacchi"]
[Site "Torino ITA"]
[Date "2009.09.18"]
[Round "1"]
[White "Topczewski, Damian"]
[Black "Iacomussi, Mario"]
[Result "1-0"]
[WhiteElo "2126"]
[BlackElo "1772"]
[PlyCount "79"]
[EventDate "2009.09.18"]

1. e4 c5 2. Nf3 d6 3. d4 cxd4 4. Nxd4 Nf6 5. Nc3 a6 6. Bg5 e6 7. f4 Be7 8. Qf3
Qc7 9. O-O-O Nbd7 10. Kb1 h6 11. Bxf6 Nxf6 12. Bd3 O-O 13. g4 e5 14. Nf5 Bxf5
15. gxf5 exf4 16. Qxf4 Qc5 17. Rhg1 Kh7 18. Rg2 Qe5 19. Qf3 b5 20. Rdg1 Rg8 21.
Ne2 Nd7 22. Nf4 Bf6 23. c3 Nc5 24. Nd5 Nxd3 25. Qxd3 Rac8 26. a3 Rc4 27. Qf3
Bd8 28. Rg4 a5 29. f6 g5 30. h4 Rg6 31. hxg5 hxg5 32. Rh1+ Kg8 33. Ne3 Rc5 34.
Nf5 Bxf6 35. Qd3 d5 36. Nd4 dxe4 37. Rxe4 Qd5 38. Re8+ Kg7 39. Qh3 Qxh1+ 40.
Qxh1 1-0

[Event "IX Festival Piemonte Scacchi"]
[Site "Torino ITA"]
[Date "2009.09.18"]
[Round "1"]
[White "Xia, Jie"]
[Black "Loccisano, Giuseppe"]
[Result "1-0"]
[WhiteElo "2241"]
[BlackElo "1803"]
[PlyCount "51"]
[EventDate "2009.09.18"]

1. e4 e6 2. d4 d5 3. e5 c5 4. c3 Nc6 5. Nf3 Qb6 6. Bd3 Bd7 7. dxc5 Bxc5 8. O-O
Qc7 9. Re1 Nge7 10. Bf4 Ng6 11. Bg3 a6 12. h4 Nge7 13. Nbd2 Nf5 14. Bxf5 exf5
15. Nb3 Qb6 16. Qxd5 Be7 17. e6 Bxe6 18. Rxe6 fxe6 19. Qxe6 Qd8 20. Ng5 Qd7 21.
Qf7+ Kd8 22. Ne6+ Kc8 23. Qxf5 Rf8 24. Qe4 Rf7 25. Nc7 Bd8 26. Nxa8 1-0

[Event "IX Festival Piemonte Scacchi"]
[Site "Torino ITA"]
[Date "2009.09.19"]
[Round "2"]
[White "Berutti, Mario"]
[Black "Boetto, Massimo"]
[Result "1/2-1/2"]
[WhiteElo "1718"]
[BlackElo "2015"]
[PlyCount "79"]
[EventDate "2009.09.18"]

1. e4 e6 2. d4 d5 3. exd5 exd5 4. Nf3 Bg4 5. Bd3 Nc6 6. c3 Bd6 7. O-O Nge7 8.
Re1 Qd7 9. Be3 O-O-O 10. a4 Ng6 11. a5 Nce7 12. c4 dxc4 13. Bxc4 Nh4 14. Nbd2
Nxf3+ 15. Nxf3 Ng6 16. h3 Bf5 17. d5 Kb8 18. Nd4 Ne7 19. Nb5 Nc8 20. Qd4 c6 21.
dxc6 bxc6 22. Nxd6 Nxd6 23. Ba6 Ka8 24. Rad1 Be6 25. Qc5 Bd5 26. Rxd5 cxd5 27.
Qxd5+ Nb7 28. Qf3 Qd5 29. Be2 Qxa5 30. Rc1 Rc8 31. Rf1 f6 32. b4 Qe5 33. Ba6
Qc7 34. b5 Rhe8 35. Ra1 Rxe3 36. Qxe3 Qc3 37. Re1 Qxe3 38. Rxe3 Kb8 39. Re7 Rc7
40. Re8+ 1/2-1/2

[Event "IX Festival Piemonte Scacchi"]
[Site "Torino ITA"]
[Date "2009.09.19"]
[Round "2"]
[White "Blundo, Michele"]
[Black "De Renzi, Giuseppe"]
[Result "0-1"]
[WhiteElo "1810"]
[BlackElo "1491"]
[PlyCount "43"]
[EventDate "2009.09.18"]

1. d4 Nf6 2. c4 g6 3. Nc3 Bg7 4. Nf3 d6 5. e3 O-O 6. Be2 c5 7. O-O e6 8. Re1
Qc7 9. a4 Nc6 10. d5 Nb4 11. e4 Ng4 12. h3 Ne5 13. Nxe5 Bxe5 14. Be3 f5 15. f4
Bg7 16. g4 fxe4 17. Qd2 Bd4 18. Bxd4 cxd4 19. Nxe4 Qb6 20. Bd3 Nxd3 21. Qxd3
Rxf4 22. Ng5 0-1

[Event "IX Festival Piemonte Scacchi"]
[Site "Torino ITA"]
[Date "2009.09.19"]
[Round "2"]
[White "Canale, Claudio"]
[Black "Gussone, Claudio"]
[Result "0-1"]
[WhiteElo "1476"]
[BlackElo "1809"]
[PlyCount "108"]
[EventDate "2009.09.18"]

1. e3 e5 2. Bc4 Nf6 3. d3 d5 4. Bb3 Bd6 5. Ne2 O-O 6. c4 c6 7. O-O Qc7 8. f4
Nbd7 9. h3 b5 10. cxb5 cxb5 11. Nbc3 Qc6 12. d4 exf4 13. Nxf4 Nb6 14. Qf3 Bxf4
15. Qxf4 Nc4 16. a4 b4 17. Nd1 Ne4 18. Nf2 Ned2 19. Bxd2 Nxd2 20. Rfc1 Qe6 21.
Bc2 f5 22. b3 Ba6 23. Rd1 Ne4 24. Nxe4 fxe4 25. Qg3 Rf6 26. Rd2 Rg6 27. Qh2 Rf8
28. Rf2 Rgf6 29. Rxf6 Qxf6 30. Qg3 Qc6 31. Ra2 h5 32. Kh2 Qf6 33. Bd1 h4 34.
Qg4 Qd6+ 35. g3 hxg3+ 36. Qxg3 Qxg3+ 37. Kxg3 Rf1 38. Rd2 Kh7 39. Bg4 Rb1 40.
Bd1 Bd3 41. Kf4 Ba6 42. Kg5 Rc1 43. h4 Rc6 44. h5 Bc8 45. Rc2 Rc3 46. Kf4 Kh6
47. Ke5 Bb7 48. Kf4 Rxc2 49. Bxc2 Kxh5 50. Bd1+ Kh4 51. Be2 g5+ 52. Kf5 g4 53.
Bxg4 Bc8+ 54. Ke5 Kxg4 0-1

[Event "IX Festival Piemonte Scacchi"]
[Site "Torino ITA"]
[Date "2009.09.19"]
[Round "2"]
[White "Christen, Peter Walter"]
[Black "Araniti, Michelangelo"]
[Result "1/2-1/2"]
[WhiteElo "1420"]
[BlackElo "1792"]
[PlyCount "79"]
[EventDate "2009.09.18"]

1. e4 e6 2. d4 d5 3. Nc3 Nf6 4. Bg5 Be7 5. e5 Nfd7 6. Bxe7 Qxe7 7. Nf3 a6 8.
Be2 c5 9. O-O Nc6 10. dxc5 Qxc5 11. h3 Ndxe5 12. Re1 Nxf3+ 13. Bxf3 O-O 14. Ne2
b5 15. c3 Bb7 16. Rc1 Rac8 17. a3 Rfd8 18. Nd4 Nxd4 19. cxd4 Qxc1 20. Qxc1 Rxc1
21. Rxc1 Rc8 22. Rxc8+ Bxc8 23. h4 Kf8 24. Kf1 Ke7 25. Ke2 Kd6 26. Ke3 e5 27.
Bh5 g6 28. Be2 f6 29. g3 Bd7 30. b4 Bf5 31. Bd1 Bb1 32. Bb3 h6 33. f4 e4 34.
Bd1 h5 35. Be2 Ba2 36. Bd1 Bc4 37. Be2 Ke6 38. Bd1 Kf5 39. Kf2 Ke6 40. Ke3
1/2-1/2

[Event "IX Festival Piemonte Scacchi"]
[Site "Torino ITA"]
[Date "2009.09.19"]
[Round "2"]
[White "Cocuzzi, Edoardo"]
[Black "Fassero, Fabrizio"]
[Result "1-0"]
[WhiteElo "1967"]
[BlackElo "1635"]
[PlyCount "65"]
[EventDate "2009.09.18"]

1. e4 e6 2. d4 d5 3. exd5 exd5 4. Bd3 Nf6 5. h3 Be6 6. Nf3 h6 7. c3 Bd6 8. O-O
O-O 9. Nbd2 Nbd7 10. Re1 c5 11. Ne5 Qb6 12. Ndf3 cxd4 13. cxd4 Rac8 14. b3 Rc7
15. Bb2 Rfc8 16. Kf1 Bb4 17. Re3 Nb8 18. Nh2 Nc6 19. f4 Kf8 20. Nxc6 Rxc6 21.
Nf3 Qc7 22. Ne5 Bc3 23. Ba3+ Kg8 24. Nxc6 bxc6 25. Rc1 Qxf4+ 26. Rf3 Qxd4 27.
Ba6 Re8 28. Rfxc3 Qf4+ 29. Qf3 Qh2 30. Bd3 d4 31. R3c2 Bd5 32. Qf2 Qh1+ 33. Qg1
1-0

[Event "IX Festival Piemonte Scacchi"]
[Site "Torino ITA"]
[Date "2009.09.19"]
[Round "2"]
[White "D'Amato, Piergiorgio"]
[Black "Finocchiaro, Gianluca"]
[Result "0-1"]
[WhiteElo "1924"]
[BlackElo "2088"]
[PlyCount "36"]
[EventDate "2009.09.18"]

1. e4 d5 2. Nc3 dxe4 3. Nxe4 Qd5 4. Ng3 Nf6 5. d4 Nc6 6. c3 e5 7. Nf3 Bg4 8.
Be2 O-O-O 9. Be3 exd4 10. Bxd4 Nxd4 11. cxd4 Bb4+ 12. Kf1 Rhe8 13. Qa4 Bxf3 14.
Bxf3 Qxd4 15. Qb3 Ng4 16. Qc2 Kb8 17. Rd1 Qxd1+ 18. Bxd1 Re1# 0-1

[Event "IX Festival Piemonte Scacchi"]
[Site "Torino ITA"]
[Date "2009.09.19"]
[Round "2"]
[White "Dvirnyy, Danyyil"]
[Black "Babilonia, Mauricio Rafael"]
[Result "1-0"]
[WhiteElo "2447"]
[BlackElo "1998"]
[PlyCount "43"]
[EventDate "2009.09.18"]

1. e4 d5 2. exd5 Qxd5 3. Nc3 Qd6 4. d4 Nf6 5. Nf3 c6 6. Ne5 Nbd7 7. Nc4 Qc7 8.
Qf3 Nb6 9. Bf4 Qd8 10. Be5 Bg4 11. Qg3 Nxc4 12. Bxc4 Bf5 13. O-O-O e6 14. Rhe1
Be7 15. d5 Nxd5 16. Nxd5 exd5 17. Qxg7 Rf8 18. Bf6 Be6 19. Rxd5 Qc7 20. Rde5
O-O-O 21. Bxe6+ fxe6 22. Qxe7 1-0

[Event "IX Festival Piemonte Scacchi"]
[Site "Torino ITA"]
[Date "2009.09.19"]
[Round "2"]
[White "Egli, Urs"]
[Black "Spina, Pierluca"]
[Result "1-0"]
[WhiteElo "2045"]
[BlackElo "1700"]
[PlyCount "53"]
[EventDate "2009.09.18"]

1. e4 c6 2. d4 d5 3. e5 Bf5 4. Nc3 e6 5. g4 Bg6 6. Nge2 Nd7 7. h4 h6 8. Be3 c5
9. f4 Be7 10. Bf2 f5 11. gxf5 Bxf5 12. Ng3 cxd4 13. Bxd4 g6 14. Nxf5 exf5 15.
Bb5 Kf8 16. Bxd7 Qxd7 17. Qf3 Qe6 18. O-O-O Rh7 19. Kb1 Qc6 20. h5 g5 21. fxg5
hxg5 22. Qxf5+ Rf7 23. Qh3 Nh6 24. e6 Rf5 25. Rhf1 Qxe6 26. Rxf5+ Qxf5 27. Rf1
1-0

[Event "IX Festival Piemonte Scacchi"]
[Site "Torino ITA"]
[Date "2009.09.19"]
[Round "2"]
[White "Fassio, Francesco"]
[Black "Moncelli, Giorgio"]
[Result "0-1"]
[WhiteElo "1624"]
[BlackElo "2071"]
[PlyCount "56"]
[EventDate "2009.09.18"]

1. c4 e6 2. Nc3 d5 3. e3 Nf6 4. Nf3 c5 5. d4 Nc6 6. Be2 a6 7. O-O dxc4 8. dxc5
Qxd1 9. Rxd1 Bxc5 10. Bxc4 O-O 11. a3 b5 12. Be2 Bb7 13. b4 Be7 14. Bb2 Rfd8
15. Rac1 Rac8 16. h3 Bd6 17. Bd3 Ne5 18. Nxe5 Bxe5 19. Ba1 Kf8 20. f4 Bxc3 21.
Bxc3 Nd5 22. Be4 Nxc3 23. Rxd8+ Rxd8 24. Bxb7 Ne2+ 25. Kf2 Nxc1 26. Bxa6 Rd3
27. Bxb5 Rxa3 28. Bc6 Nd3+ 0-1

[Event "IX Festival Piemonte Scacchi"]
[Site "Torino ITA"]
[Date "2009.09.19"]
[Round "2"]
[White "Flego, Dario"]
[Black "Topczewski, Damian"]
[Result "0-1"]
[WhiteElo "1595"]
[BlackElo "2126"]
[PlyCount "96"]
[EventDate "2009.09.18"]

1. c4 c6 2. Nc3 d5 3. cxd5 cxd5 4. d4 Nf6 5. Nf3 Nc6 6. g3 g6 7. Bg2 Bg7 8. O-O
O-O 9. Bf4 Nh5 10. Qd2 Nxf4 11. Qxf4 Nxd4 12. Nxd4 e5 13. Qd2 exd4 14. Nxd5 Be6
15. Nf4 Qb6 16. Nxe6 fxe6 17. b3 Rac8 18. Rac1 Rc3 19. Rxc3 dxc3 20. Qc2 Qa6
21. Rd1 b5 22. Be4 b4 23. h4 Qb5 24. Bd3 Qc5 25. e3 Bh6 26. Rf1 Qe5 27. Kg2 Rd8
28. Rd1 Qd5+ 29. Kg1 Qe5 30. Kg2 a5 31. Be2 Rf8 32. Rf1 Qd5+ 33. Kg1 Kh8 34.
Rd1 Qc5 35. Kg2 e5 36. h5 Qc6+ 37. Kg1 Qf6 38. Bg4 Qg5 39. Be6 gxh5 40. Rd7 Bg7
41. Bc4 h4 42. Kg2 hxg3 43. fxg3 Qxe3 44. Kh3 e4 45. Bd5 Qh6+ 46. Kg2 e3 47.
Kg1 e2 48. Qxe2 Bd4+ 0-1

[Event "IX Festival Piemonte Scacchi"]
[Site "Torino ITA"]
[Date "2009.09.19"]
[Round "2"]
[White "Ghisio, Paolo"]
[Black "Faraoni, Enrico"]
[Result "0-1"]
[WhiteElo "1288"]
[BlackElo "2088"]
[PlyCount "40"]
[EventDate "2009.09.18"]

1. e4 g5 2. d4 h6 3. Nc3 Bg7 4. Nf3 d6 5. Bc4 e6 6. O-O a6 7. Re1 Nd7 8. b4 Ne7
9. Rb1 Ng6 10. b5 g4 11. Nd2 Bxd4 12. Ne2 Bb6 13. Ng3 h5 14. Qe2 Nf4 15. Qd1
Ne5 16. a4 h4 17. Ngf1 g3 18. hxg3 hxg3 19. Nxg3 Qh4 20. Nf3 Qxg3 0-1

[Event "IX Festival Piemonte Scacchi"]
[Site "Torino ITA"]
[Date "2009.09.19"]
[Round "2"]
[White "Giacomasso, Enrico"]
[Black "Davter, Mauro"]
[Result "1-0"]
[WhiteElo "2012"]
[BlackElo "1611"]
[PlyCount "83"]
[EventDate "2009.09.18"]

1. e4 c5 2. Nf3 Nc6 3. d4 cxd4 4. Nxd4 e5 5. Nb5 d6 6. N1c3 a6 7. Na3 b5 8. Nd5
Nce7 9. Bg5 Qa5+ 10. Bd2 Qd8 11. Be3 Be6 12. Bb6 Qc8 13. Nc7+ Kd7 14. Nxa8 Qxa8
15. Bd3 Nf6 16. Qe2 Nc6 17. O-O Nb4 18. Ba5 Nxd3 19. cxd3 Be7 20. Rfc1 Rc8 21.
Qe3 Ke8 22. Rxc8+ Qxc8 23. Rc1 Qb7 24. Nc2 Ng4 25. Qb6 Qxb6 26. Bxb6 d5 27.
exd5 Bxd5 28. Ne3 Be6 29. Nxg4 Bxg4 30. d4 exd4 31. Bxd4 g6 32. Rc7 Bd7 33. Ra7
a5 34. a3 a4 35. Bc3 Be6 36. Kf1 Bc4+ 37. Ke1 h5 38. Bd4 Bd5 39. g3 Bc4 40. Kd2
Bd5 41. Kc3 Bc4 42. Rxa4 1-0

[Event "IX Festival Piemonte Scacchi"]
[Site "Torino ITA"]
[Date "2009.09.19"]
[Round "2"]
[White "Giacone, Maurizio"]
[Black "Grattarola, Fabio"]
[Result "1/2-1/2"]
[WhiteElo "1653"]
[BlackElo "2081"]
[PlyCount "136"]
[EventDate "2009.09.18"]

1. e4 c5 2. Nf3 d6 3. Bb5+ Bd7 4. Bxd7+ Qxd7 5. O-O Nc6 6. d4 cxd4 7. Nxd4 Nf6
8. Nc3 g6 9. Nxc6 Qxc6 10. Re1 Bg7 11. Nd5 e6 12. Nxf6+ Bxf6 13. c3 O-O 14. Qf3
Bg7 15. Qd3 Rfd8 16. Bf4 e5 17. Be3 d5 18. exd5 Rxd5 19. Qe2 Rad8 20. Rad1 a5
21. Rxd5 Qxd5 22. c4 Qd6 23. g3 f5 24. Bc1 e4 25. Bf4 Qd4 26. b3 h6 27. h4 Kh7
28. Be3 Qd6 29. Rc1 Qa3 30. Rc2 a4 31. Bc1 Qb4 32. Bd2 Qa3 33. Bc1 Qc5 34. Be3
Qc6 35. Rd2 Rf8 36. Qd1 Rf7 37. Rd6 Qe8 38. bxa4 Be5 39. Rd5 Bc7 40. c5 Qe7 41.
a5 Bxa5 42. c6 b5 43. Rd7 Qe8 44. Rxf7+ Qxf7 45. Qd7 Qxd7 46. cxd7 Kg7 47. Kf1
Bd8 48. Ke2 g5 49. hxg5 hxg5 50. Kd2 Kf6 51. Kc3 Ke6 52. Kb4 Kxd7 53. Kxb5 Kc8
54. Kc5 f4 55. gxf4 gxf4 56. Bxf4 Bh4 57. Be3 Kb7 58. Kd4 Bxf2 59. Bxf2 e3 60.
Bxe3 Ka6 61. Kc4 Ka5 62. Kb3 Kb5 63. a4+ Ka5 64. Bd2+ Kb6 65. Kb4 Ka6 66. Be3
Kb7 67. Kb5 Kb8 68. Ka6 Ka8 1/2-1/2

[Event "IX Festival Piemonte Scacchi"]
[Site "Torino ITA"]
[Date "2009.09.19"]
[Round "2"]
[White "Iacomussi, Mario"]
[Black "Manni, Stefano"]
[Result "0-1"]
[WhiteElo "1772"]
[BlackElo "1980"]
[PlyCount "40"]
[EventDate "2009.09.18"]

1. d4 d5 2. Nf3 Nf6 3. c4 dxc4 4. Nc3 a6 5. e4 b5 6. Bf4 Bb7 7. e5 Nd5 8. Bg5
h6 9. Bh4 Nxc3 10. bxc3 Qd5 11. Qc2 e6 12. Nd2 c5 13. Nf3 cxd4 14. cxd4 Bb4+
15. Ke2 Nc6 16. Ke3 g5 17. a3 Ba5 18. Rd1 gxh4 19. Nxh4 Bb6 20. Nf3 Nxe5 0-1

[Event "IX Festival Piemonte Scacchi"]
[Site "Torino ITA"]
[Date "2009.09.19"]
[Round "2"]
[White "Loccisano, Giuseppe"]
[Black "Nigrelli, Vittorio"]
[Result "1/2-1/2"]
[WhiteElo "1803"]
[BlackElo "1473"]
[PlyCount "77"]
[EventDate "2009.09.18"]

1. e4 c5 2. c3 d5 3. exd5 Qxd5 4. d4 Nc6 5. Nf3 cxd4 6. cxd4 Nf6 7. Nc3 Qd8 8.
d5 Nb8 9. Bc4 g6 10. O-O Bg7 11. Bg5 O-O 12. Qd2 Nbd7 13. d6 exd6 14. Qxd6 Nb6
15. Qxd8 Rxd8 16. Bb3 Re8 17. Rfe1 Be6 18. Bxe6 Rxe6 19. Rxe6 fxe6 20. Rd1 h6
21. Bc1 Nfd5 22. Nxd5 Nxd5 23. Nd4 Kf7 24. g3 a6 25. Nf3 Rc8 26. Bd2 Rc2 27.
Bc1 g5 28. Re1 Bxb2 29. Bxg5 hxg5 30. Nxg5+ Kg6 31. Nxe6 Rc1 32. Kf1 Rxe1+ 33.
Kxe1 b5 34. Kd2 a5 35. Kc2 Bf6 36. Nc5 Kf5 37. Nb7 a4 38. Nd6+ Kg6 39. Nxb5
1/2-1/2

[Event "IX Festival Piemonte Scacchi"]
[Site "Torino ITA"]
[Date "2009.09.19"]
[Round "2"]
[White "Malano, Francesco"]
[Black "Castaldo, Folco"]
[Result "0-1"]
[WhiteElo "1894"]
[BlackElo "2401"]
[PlyCount "142"]
[EventDate "2009.09.18"]

1. f4 d5 2. e3 g6 3. Nf3 Bg7 4. Be2 Nf6 5. O-O O-O 6. d3 c5 7. Nbd2 Nc6 8. Ne5
Nxe5 9. fxe5 Nd7 10. d4 cxd4 11. exd4 Qb6 12. Nf3 Nxe5 13. Nxe5 Bxe5 14. c3 Bg7
15. Bf3 Be6 16. Qb3 Qc6 17. Bg5 f6 18. Bf4 Bf7 19. Rae1 Qd7 20. h3 Rae8 21. Bg4
e6 22. Qa3 Ra8 23. Rf2 Rfc8 24. Rfe2 Re8 25. Qd6 Qxd6 26. Bxd6 f5 27. Bf3 Rac8
28. h4 Bf6 29. g3 h6 30. Be5 Kg7 31. Bxf6+ Kxf6 32. g4 Red8 33. Kf2 Rc7 34. Re5
b5 35. Rg1 fxg4 36. Bxg4 Rd6 37. Ke3 a5 38. Rf1+ Kg7 39. a3 b4 40. axb4 axb4
41. Kd2 Rb6 42. Rfe1 bxc3+ 43. bxc3 Rb2+ 44. Kd3 Rb3 45. Rc1 Rc6 46. Re2 g5 47.
h5 Bg8 48. Kd2 Rb2+ 49. Rc2 Rcb6 50. Ke3 Rb1 51. Ra2 R1b3 52. Ra7+ Rb7 53.
Rxb7+ Rxb7 54. Kf2 Kf6 55. Kg3 Rb3 56. Re3 Rb1 57. Kf2 Rb6 58. Kg3 Bh7 59. Be2
Rb3 60. Bf3 Bf5 61. Be2 Ra3 62. Bf3 Ra1 63. Re2 Rc1 64. Re3 g4 65. Be2 Kg5 66.
Bb5 Rh1 67. Be8 Rh3+ 68. Kf2 Kf4 69. Rxh3 gxh3 70. Bg6 Bg4 71. Bf7 Bf3 0-1

[Event "IX Festival Piemonte Scacchi"]
[Site "Torino ITA"]
[Date "2009.09.19"]
[Round "2"]
[White "Pettorusso, Aldo"]
[Black "Chiarion, Elisa"]
[Result "0-1"]
[WhiteElo "1625"]
[BlackElo "1928"]
[PlyCount "50"]
[EventDate "2009.09.18"]

1. Nf3 d5 2. d4 c6 3. g3 Bf5 4. Bg2 e6 5. O-O Bd6 6. Nc3 Nd7 7. Re1 Ngf6 8. e4
Nxe4 9. Nxe4 Bxe4 10. b3 O-O 11. Rxe4 dxe4 12. Ng5 Nf6 13. Nxe4 Nxe4 14. Bxe4
Qf6 15. Qd3 h6 16. Rb1 Rad8 17. Bb2 e5 18. Rd1 Bc5 19. c3 exd4 20. cxd4 Bb6 21.
Qd2 Rfe8 22. Bd3 Qd6 23. Bc2 Qe6 24. Qd3 g6 25. Bc1 Rxd4 0-1